Central Library OPAC University of Rajshahi

Encyclopaedia Britannica : (Record no. 19147)

MARC details
000 -LEADER
fixed length control field 00882nam a2200253 a 4500
001 - CONTROL NUMBER
control field 19147
003 - CONTROL NUMBER IDENTIFIER
rucl marc code BD-RjUL
005 - DATE AND TIME OF LATEST TRANSACTION
control field 20211209000406.0
008 - FIXED-LENGTH DATA ELEMENTS--GENERAL INFORMATION
fixed length control field 140223s1955 -ukacb edb 000 0 eng d
035 ## - SYSTEM CONTROL NUMBER
System control number OCLC 01870370 from fd09
-- (BD-RjUL)19205
040 ## - CATALOGING SOURCE
Original cataloging agency DLC
Transcribing agency FQG
Modifying agency EQO
-- EQO
-- BD-RjUL
Language of cataloging eng
041 ## - LANGUAGE CODE
Language code of text/sound track or separate title eng
082 ## - DEWEY DECIMAL CLASSIFICATION NUMBER
Classification number 032
Edition number 21
Author mark and year ENC 1955
245 10 - TITLE STATEMENT
Title Encyclopaedia Britannica :
Remainder of title a new survey of universal knowledge /
Statement of responsibility, etc. Walter Yust, ...[et. al.], ed.
Number of part/section of a work Volume 16 :
Name of part/section of a work MUSHROOM to OZONIDES
260 ## - PUBLICATION, DISTRIBUTION, ETC. (IMPRINT)
Place of publication, distribution, etc. Chicago ;
-- London :
Name of publisher, distributor, etc. Encyclopaedia Britannica,
Date of publication, distribution, etc. c1955.
300 ## - PHYSICAL DESCRIPTION
Pagination 1005 p.:
Illustrations ill. ;
Size 28 cm.
500 ## - GENERAL NOTE
General note Index and atlas - Vol. 24.
504 ## - BIBLIOGRAPHY, ETC. NOTE
Bibliography, etc Includes bibliographies.
650 #0 - SUBJECT ADDED ENTRY--TOPICAL TERM
Topical term or geographic name as entry element Encyclopedias and dictionaries
9 (RLIN) 58499
700 1# - ADDED ENTRY--PERSONAL NAME
Personal name Yust, Walter,...[et. al.], ed.
Dates associated with a name 1894-
942 ## - ADDED ENTRY ELEMENTS (KOHA)
Source of classification or shelving scheme Dewey Decimal Classification
Koha item type Reference
Holdings
Lost status Source of classification or shelving scheme Damaged status Not for loan Collection code Permanent Location Current Location Shelving location Date acquired Source of acquisition Cost, normal purchase price Total Checkouts Full call number Date last seen Copy number Koha item type
  Dewey Decimal Classification   Not For Loan Reference Central Library, University of Rajshahi Central Library, University of Rajshahi   01/02/1956 N/A 0.00   R 032 ENC V-16 1955 23/02/2014 C-1 Reference